Представление документа в формате MARC21

Поле Инд. ПП Название Значение
Тип записи a
Библиографический уровень a
001 Контрольный номер f9e59788521448c2944a5893a797c9ca
005 Дата корректировки 20221206140001.3
041 0_ a Код языка текста rus
080 a Индекс УДК 930.1:94:378.1
097 b Оператор *Т*
100 1_ a Автор Новожилова И.В.
245 10 a Заглавие Основные проблемы в преподавании истории (истории России, всеобщей истории) как общеобразовательной вузовской дисциплины при переходе на новые образовательные стандарты
p Название части/ раздела - Текст : электронный
b Продолж. заглавия статья
260 a Место издания Тверь
b Издательство ТвГТУ
520 0_ a Аннотация в статье обозначается ряд трудностей исторического образования в вузе при наличии фрагментарного школьного исторического знания. Выделено предназначение дисциплины «История (История России, Всеобщая история)» на фоне других общеобразовательных вузовских дисциплин. На основе анализа отмечается дескриптивный характер исторических «школьных» знаний. Поднимается вопрос об увеличении в структуре обязательных дидактических единиц методологического блока за счет сокращения дидактических единиц, дублирующих содержание школьной программы. В качестве альтернативного решения предлагается использовать электронную информационно-образовательную среду и другие информационно-коммуникационные дистанционные технологии. Представлено авторское видение некоторых аспектов научно- методической концептуализации вузовского исторического образования.
653 0_ a Ключевые слова вузовское историческое образование, фундаментализация образования, фрагментарность знаний, информационно-коммуникационные дистанционные технологии
700 12 a Другие авторы Долгова Т.В.
773 18 w Контрольный № источника 583c1ac9500744d7bd4f2de48d7f6782
t Название источника Актуальные проблемы качества образования в высшей школе : материалы докладов научно-практической конференции / под редакцией В.Б. Петропавловской
d Место и дата издания Тверь : Тверской государственный технический университет, 2022
g Прочая информация С. 109-114
773 18 z ISBN 978-5-7995-1226-2
901 t Тип документа a
905 a Дата создания записи 27.10.22
950 a Редактор записи вш
951 i EL-ТГТУ? Да